Statistics for Biggest Cities in Wellington Region

Click here to take the quiz!

General Stats

  • This quiz has been taken 3 times
  • The average score is 5 of 15

Answer Stats

Population Settlement % Correct
215,400Wellington
100%
104,900Lower Hutt
33%
55,500Porirua
33%
41,000Upper Hutt
33%
28,900Paraparaumu
33%
20,100Masterton
33%
12,100Waikanae
33%
5,390Carterton
33%
4,490Ōtaki
33%
2,480Featherston
33%
2,420Greytown
33%
1,830Paekākāriki
33%
1,680Martinborough
33%
1,780Ōtaki Beach
0%
280Te Horo Beach
0%

Score Distribution

Percentile by Number Answered

Percent of People with Each Score

Your Score History

You have not taken this quiz